Państwa, które uzyskały niepodległość od Wielkiej Brytanii - Statystyki

Ogólne statystyki
  • Ten quiz został rozwiązany 110 razy
  • Średni wynik to 34 z 64
Statystyki odpowiedzi
Odpowiedź % Poprawnych
Kanada
93%
Irlandia
87%
Stany Zjednoczone
86%
Australia
83%
Indie
83%
Republika Południowej Afryki
79%
Nowa Zelandia
77%
Sudan
77%
Egipt
76%
Pakistan
73%
Zambia
62%
Oman
61%
Zimbabwe
61%
Nigeria
60%
Irak
59%
Lesotho
59%
Tanzania
59%
Somalia
58%
Bahamy
57%
Izrael
57%
Jamajka
56%
Botswana
55%
Cypr
54%
Fidżi
53%
Mjanma
53%
Saint Kitts i Nevis
53%
Uganda
53%
Afganistan
51%
Ghana
51%
Malezja
51%
Eswatini
49%
Malta
49%
Katar
48%
Dominika
47%
Saint Lucia
47%
Saint Vincent i Grenadyny
47%
Zjednoczone Emiraty Arabskie
47%
Belize
46%
Gujana
46%
Jordania
46%
Nepal
46%
Singapur
46%
Sri Lanka
46%
Tuvalu
46%
Barbados
44%
Bahrajn
43%
Gambia
43%
Malawi
43%
Malediwy
43%
Sierra Leone
43%
Wyspy Salomona
43%
Antigua i Barbuda
42%
Trynidad i Tobago
42%
Kamerun
41%
Kiribati
41%
Seszele
41%
Vanuatu
41%
Grenada
40%
Tonga
40%
Kongo
39%
Mauritius
38%
Niemcy
32%
Brunei
27%
Wielka Brytania
23%
Nie znaleziono quizów pasujących do podanych kryteriów
Rozkład punktacji
Procent ludzi z każdym wynikiem
Percentyl według liczby udzielonych odpowiedzi
Twoja historia wyników
Nie rozwiązałeś tego quizu